000240314 001__ 240314
000240314 005__ 20210922173116.0
000240314 0247_ $$2BMBF$$aG:(BMBF)031A167B$$d031A167B
000240314 0247_ $$2Dimensions$$aG:(Dimensions)grant.7992891$$dgrant.7992891
000240314 035__ $$aG:(BMBF)031A167B
000240314 150__ $$aBasistechnologien Kooperationsprojekt: Neue Optosensoren und Photoregulatoren zur Licht-vermittelten Steuerung und Analyse molekularer Systeme (Optosys) Arbeitspakete 1.2, 1.3, 2, 3 und 7$$y2013-05-01 - 2016-12-31
000240314 5101_ $$0I:(DE-588b)5309538-8 $$aFederal Ministry of Education and Research$$bBMBF
000240314 909CO $$ooai:juser.fz-juelich.de:896169$$pauthority$$pauthority:GRANT
000240314 909CO $$ooai:juser.fz-juelich.de:896169
000240314 980__ $$aG
000240314 980__ $$aAUTHORITY